| Tag |
First Indicator |
Second Indicator |
Subfields |
| LEADER |
00000cam a2200000 a 4500 |
| 001 |
in00000787321 |
| 005 |
20151017054955.0 |
| 008 |
720630s1970 txu b 00010 engm |
| 010 |
|
|
|a 73637216
|
| 035 |
|
|
|a (OCoLC)00375962
|
| 035 |
|
|
|9 ADM0002AM
|
| 040 |
|
|
|a DLC
|c DLC
|d m.c.
|d m/c
|d TXA
|d UtOrBLW
|
| 049 |
1 |
|
|a TXA2
|
| 050 |
0 |
0 |
|a TE1
|b .T36 no. 101-1F
|a TE278
|
| 082 |
0 |
|
|a 625.7/08 s
|a 625.8/5
|
| 090 |
|
|
|a TA1001
|b .T432 no. 101-1F
|
| 100 |
1 |
|
|a Brown, James L.
|
| 245 |
1 |
3 |
|a An asphaltic concrete overlay design subsystem :
|b utilizing deflection measurements to upgrade pavement structures /
|c by James L. Brown, Hugo E. Orellana.
|
| 264 |
|
1 |
|a [Austin] :
|b Texas Highway Design Division, Research Section,
|c 1970.
|
| 300 |
|
|
|a vii, 109 pages :
|b diagrams, graphs, tables ;
|c 28 cm.
|
| 336 |
|
|
|a text
|b txt
|2 rdacontent
|
| 337 |
|
|
|a unmediated
|b n
|2 rdamedia
|
| 338 |
|
|
|a volume
|b nc
|2 rdacarrier
|
| 490 |
1 |
|
|a Departmental research report / Texas. Highway Department. ;
|v no. 101-1F
|
| 500 |
|
|
|a Conducted in cooperation with the U.S. Bureau of Public Roads.
|
| 504 |
|
|
|a References: pages 25-26.
|
| 650 |
|
0 |
|a Pavements, Asphalt concrete
|x Design and construction.
|
| 650 |
|
0 |
|a Pavements
|x Overlays.
|
| 650 |
|
0 |
|a Pavements
|x Design and construction.
|
| 650 |
|
0 |
|a Pavements
|x Deflection.
|
| 650 |
|
0 |
|a Pavements, Asphalt concrete.
|
| 700 |
1 |
|
|a Orellana, Hugo E.
|
| 710 |
1 |
|
|a Texas.
|b Highway Design Division.
|b Research Section.
|
| 710 |
1 |
|
|a United States.
|b Bureau of Public Roads.
|
| 710 |
1 |
|
|a Texas.
|b Highway Department
|g Research project 1-8-66-101.
|
| 830 |
|
0 |
|a Departmental research report (Texas. State Department of Highways and Public Transportation) ;
|v no. 101-1F.
|
| 999 |
|
|
|a MARS
|
| 999 |
f |
f |
|s 58c0b4e0-58fc-3fa8-91f2-bb909768ed55
|i 55635884-7936-39d2-90a9-77d9e035124d
|t 0
|
| 952 |
f |
f |
|p ric
|a Texas A&M University
|b Rellis Campus
|c Joint Library Facility
|s JLF
|d Remote Storage
|t 0
|e TA1001 .T432 no.101-1F
|h Library of Congress classification
|i unmediated -- volume
|m A14812434432
|
| 998 |
f |
f |
|a TA1001 .T432 no.101-1F
|t 0
|l Remote Storage
|